|
|
|
|
| LEADER |
00000nam a2200000 a 4500 |
| 001 |
vtls001482700 |
| 003 |
SK-MaSNL |
| 005 |
20260302073655.0 |
| 008 |
240318s1965 xx 0 und |
| 035 |
|
|
|a SNK000437997
|
| 040 |
|
|
|a SNK
|b slo
|c SNK
|e AACR2
|
| 100 |
1 |
|
|a Lenc, Ladislav
|4 aut
|9 738376
|
| 245 |
1 |
0 |
|a Po vrchársky
|
| 250 |
|
|
|a 1.vyd.
|
| 260 |
|
|
|a [ S. l. ]
|b [ s. n. ]
|c [ 1965 ]
|
| 300 |
|
|
|a 12 s.
|
| 958 |
|
|
|a OND
|
| 999 |
|
|
|c 1161901
|d 1163831
|
| 952 |
|
|
|t P60, <04>, [BOOK], {604}
|a SNK
|b SNK
|y VYP
|7 0
|p 17A0445431
|o snkHSD 131 D1
|i snkKSP 4808/66
|0 0
|1 0
|4 0
|d 2004-09-29
|l 0
|r 2005-01-02 00:00:00
|w 2026-02-24
|